000 00719nam a22002052 4500
001 0000007001
005 20151217152019.0
008 071106s xx 000 0 eng d
020 _a0821345591 :
_cKES 800
040 _aKABU
_cKABU
245 1 0 _aDeMIStifying MIS :
_bguidelines for management information systems in social funds /
_cLuc Lecuit ... [et al.].
260 _aWashington, D. C. :
_bWorld Bank,
_c1999.
300 _aix, 66 p.
650 0 _aEconomic development projects
_xManagement
_xCommunication.
_@0000158004
650 0 _aManagement information systems.
_@0000148209
700 1 _aLecuit, Luc.
_@0000158005
908 _a071106
950 _@1
999 _c7339
_d7339